000 01106nam a2200289 i 4500
001 000016960
003 DO-SdBNP
005 20231130110754.0
006 a||||gr|||| 00| 0
007 ta
008 100312q1999 dr a 001 m spa d
040 _aDO-SdBNP
_bspa
_cBNPHU
_erda
082 4 _bJ61g
_222
100 1 _aJiménez Díaz, Carlos,
_d1943-
_91045
_eautor
245 1 0 _a Curso de ortografía grabado y musicalización :
_bGuía de orientación. /
_cCarlos Jiménez Díaz ; prólogo, Víctor Villegas.
246 1 3 _aGuía de orientación para el curso de ortografía grabado y musicalizado.
260 _aSanto Domingo :
_bServicios Gráficos Integrados,
_c1999.
264 _a[Santo Domingo] :
_bServicios Gráficos Integrados,
_c[1999]
300 _a126 páginas :
_bILustraciones ;
_c21 cm.
336 _2rdacontent
_atexto
_btxt
337 _2rdamedia
_asin mediación
_bn
338 _2rdacarrier
_avolumen
_bnc
500 _aIncluye datos biográficos del autor en la contracubierta.
590 _aInventariado 2023 / MF
700 1 _aVillegas, Víctor,
_eprólogo
_97744
942 _2ddc
_cLBS1
999 _c16492
_d16492